000 00280nam a22001337a 4500
008 170221b xxu||||| |||| 00| 0 eng d
020 _a9780781741187
041 _aeng
080 _a615
100 _a5
101 _aSHF
245 _aPHARMACOLOGY
_cHARVEY.R.A
942 _2udc
_cBK
999 _c5990
_d5990